Complete leadership.
| Main Author: | |
|---|---|
| Other Authors: | |
| Format: | Book |
| Published: |
London:
Pearson Education Limited,
2003.
|
| Subjects: |
| LEADER | 00414cam a2200157 7i4500 | ||
|---|---|---|---|
| 001 | 0000014605 | ||
| 005 | 20041015090000.0 | ||
| 020 | 0 | 0 | |a 1843040255 |
| 090 | 0 | 0 | |a B 658.4092 |b BLO |
| 100 | 1 | 0 | |a Bloch |
| 245 | 1 | 0 | |a Complete leadership. |
| 260 | 0 | 0 | |a London: |b Pearson Education Limited, |c 2003. |
| 300 | # | # | |a 189 p. |
| 650 | 0 | 0 | |a Leadership |
| 700 | 1 | 1 | |a Whitely, |h Philip |
| 999 | |a B000016210 |b Book |c Book |e Business Information Centre | ||


